[Event "Los Angeles Metropolitan op 1st"]
[Site "Los Angeles"]
[Date "2011.08.20"]
[Round "7"]
[White "Tanaka, Christian T"]
[Black "Amier, Hamzah B Mohd Zuhr"]
[Result "0-1"]
[WhiteElo "2098"]
[BlackElo "1723"]
[PlyCount "88"]
[EventDate "2011.08.17"]
[EventType "swiss"]
[EventRounds "9"]
[EventCountry "USA"]
[SourceTitle "CBM 144 Extra"]
[Source "ChessBase"]
[SourceDate "2011.10.28"]
[SourceVersion "1"]
[SourceVersionDate "2011.10.28"]
[SourceQuality "1"]

1. d4 Nf6 2. c4 c5 3. d5 b5 4. cxb5 a6 5. b6 d6 6. Nc3 Nbd7 7. e4 Qxb6 8. Nf3 g6 9. Nd2 Bg7 10. Nc4 Qc7 11. a4 0-0 12. Be2 Nb6 13. Ne3 a5 14. Qc2 e6 15. 0-0 Bb7 16. Rd1 exd5 17. exd5 Rfe8 18. Ra3 Rab8 19. h4 Re7 20. h5 Rbe8 21. hxg6 hxg6 22. Bb5 Nbd7 23. Kf1 Re5 24. g4 Ne4 25. Nc4 Nxc3 26. Nxe5 Nxb5 27. Rb3 Rxe5 28. axb5 Bxd5 29. Bf4 Be4 30. Qc4 Qb7 31. Kg1 Bf3 32. Ra1 Bxg4 33. Rg3 Rh5 34. f3 Bxf3 35. Re1 Bd4+ 36. Be3 Bd5 37. Qc1 Be5 38. Bf4 Bd4+ 39. Be3 Ne5 40. Bxd4 cxd4 41. Qf4 Qxb5 42. Qxd4 Nf3+ 43. Rxf3 Bxf3 44. Re8+ Qxe8 0-1

[Event "Los Angeles Metropolitan op 1st"]
[Site "Los Angeles"]
[Date "2011.08.19"]
[Round "5"]
[White "Chua, Alexander J"]
[Black "Tanaka, Christian T"]
[Result "1-0"]
[WhiteElo "2278"]
[BlackElo "2098"]
[PlyCount "93"]
[EventDate "2011.08.17"]
[EventType "swiss"]
[EventRounds "9"]
[EventCountry "USA"]
[SourceTitle "CBM 144 Extra"]
[Source "ChessBase"]
[SourceDate "2011.10.28"]
[SourceVersion "1"]
[SourceVersionDate "2011.10.28"]
[SourceQuality "1"]

1. d4 Nf6 2. c4 e5 3. dxe5 Ng4 4. Bf4 g5 5. Bg3 Bg7 6. Nc3 Nxe5 7. e3 d6 8. h4 h6 9. hxg5 hxg5 10. Rxh8+ Bxh8 11. Qh5 Bg7 12. Nh3 g4 13. Nf4 Na6 14. 0-0-0 Qf6 15. c5 Nb4 16. a3 a5 17. Bh4 Qf5 18. Qxf5 Bxf5 19. Nb5 Na6 20. cxd6 c6 21. Nc7+ Nxc7 22. dxc7 Nd7 23. e4 Bh6 24. Bg3 Be6 25. Be2 Rc8 26. Rh1 Bxf4+ 27. Bxf4 Nc5 28. f3 b5 29. fxg4 Na6 30. g5 Nxc7 31. Rh7 Na6 32. Bd6 Kd7 33. e5 Rg8 34. Bh5 Rxg5 35. Bxf7 Bxf7 36. Rxf7+ Ke6 37. Ra7 Nc5 38. Bxc5 Kxe5 39. Rxa5 Rxg2 40. Ra8 Kd5 41. Bb4 Kc4 42. Rc8 Kb3 43. Bc3 Rg6 44. Kd2 Kc4 45. Kc2 Rg2+ 46. Bd2 c5 47. b4 1-0

[Event "Los Angeles Metropolitan op 1st"]
[Site "Los Angeles"]
[Date "2011.08.17"]
[Round "1"]
[White "Duckworth, William Mark"]
[Black "Tanaka, Christian T"]
[Result "1-0"]
[WhiteElo "2352"]
[BlackElo "2098"]
[PlyCount "93"]
[EventDate "2011.08.17"]
[EventType "swiss"]
[EventRounds "9"]
[EventCountry "USA"]
[SourceTitle "CBM 144 Extra"]
[Source "ChessBase"]
[SourceDate "2011.10.28"]
[SourceVersion "1"]
[SourceVersionDate "2011.10.28"]
[SourceQuality "1"]

1. d4 Nf6 2. Nc3 d5 3. Bg5 g6 4. Qd2 Bg7 5. 0-0-0 c6 6. Bh6 0-0 7. Bxg7 Kxg7 8. e3 b5 9. Bd3 Nbd7 10. Nf3 b4 11. Ne2 Qa5 12. Kb1 Ne4 13. Qe1 Rb8 14. Nd2 Nxd2+ 15. Qxd2 e5 16. f3 c5 17. dxc5 Nxc5 18. Nc1 Rd8 19. Bc4 Bb7 20. Bb3 Qb6 21. Nd3 Nxd3 22. cxd3 Bc6 23. d4 a5 24. Rc1 a4 25. Bd1 b3 26. a3 exd4 27. Qxd4+ Qxd4 28. exd4 Bb5 29. Rc5 Rdc8 30. Kc1 Rxc5+ 31. dxc5 Kf6 32. Re1 Rc8 33. Kd2 Rxc5 34. g3 Rc8 35. f4 Re8 36. Rxe8 Bxe8 37. Kc3 Ke7 38. Kd4 Kd6 39. Bf3 Bc6 40. Be2 f6 41. Bd3 Bd7 42. h4 Kc6 43. h5 Bf5 44. Be2 Bd7 45. h6 Kd6 46. Bd3 Kc6 47. Bxg6 1-0

[Event "USA tt"]
[Site "ICC INT"]
[Date "2010.09.07"]
[Round "3"]
[White "Tanaka, Christian T"]
[Black "Mateer, Amanda Rae"]
[Result "0-1"]
[WhiteElo "2142"]
[BlackElo "2130"]
[PlyCount "90"]
[EventDate "2010.08.23"]
[EventType "team"]
[EventRounds "10"]
[EventCountry "USA"]
[SourceTitle "CBM 138 Extra"]
[Source "ChessBase"]
[SourceDate "2010.10.29"]
[SourceVersion "1"]
[SourceVersionDate "2010.10.29"]
[SourceQuality "1"]

1. d4 Nf6 2. c4 e6 3. g3 c5 4. Nf3 cxd4 5. Nxd4 d5 6. Bg2 e5 7. Nf3 d4 8. 0-0 Nc6 9. Nbd2 Be7 10. a3 a5 11. b3 0-0 12. Qc2 Bg4 13. h3 Bh5 14. Re1 Bg6 15. Qa2 Nh5 16. Nh2 f5 17. Bd5+ Kh8 18. Bb2 Bf6 19. Rad1 Qc7 20. Ndf1 Rad8 21. Qa1 Qb6 22. Qa2 e4 23. e3 Be5 24. f4 dxe3 25. Kh1 Bd4 26. Kg2 Nf6 27. Bxc6 bxc6 28. Bxd4 Rxd4 29. Rxd4 Qxd4 30. Nxe3 Qc3 31. Qc2 Qxe1 32. Nhf1 Rd8 33. g4 Rd3 34. b4 axb4 35. axb4 Qxb4 36. Qf2 fxg4 37. hxg4 Bf7 38. f5 Rb3 39. Kh3 Bxc4 40. g5 Bxf1+ 41. Kh4 Nd5 42. f6 Rxe3 43. fxg7+ Kxg7 44. Qxf1 Qe1+ 45. Qxe1 Rxe1 0-1

[Event "US Open-111"]
[Site "Irvine"]
[Date "2010.08.06"]
[Round "7"]
[White "Tanaka, Christian T"]
[Black "Oldham, David"]
[Result "1-0"]
[WhiteElo "2128"]
[BlackElo "1956"]
[PlyCount "89"]
[EventDate "2010.07.31"]
[EventType "swiss"]
[EventRounds "9"]
[EventCountry "USA"]
[SourceTitle "CBM 137 Extra"]
[Source "ChessBase"]
[SourceDate "2010.09.01"]
[SourceVersion "1"]
[SourceVersionDate "2010.09.01"]
[SourceQuality "1"]

1. d4 Nf6 2. c4 g6 3. Nc3 d5 4. cxd5 Nxd5 5. e4 Nxc3 6. bxc3 Bg7 7. Bc4 c5 8. Ne2 0-0 9. 0-0 Nc6 10. Be3 Bg4 11. f3 cxd4 12. cxd4 Na5 13. Bxf7+ Rxf7 14. fxg4 Rxf1+ 15. Kxf1 e5 16. d5 Nc4 17. Bf2 Qf6 18. Kg1 Rf8 19. Qe1 Bh6 20. Ng3 Qxf2+ 21. Qxf2 Be3 22. Qxe3 Nxe3 23. h3 Rc8 24. Kf2 Nc4 25. Rc1 Kf7 26. Nf1 Ke7 27. Ke2 Kd6 28. Nd2 b5 29. Rc2 Kc5 30. Kd3 Kb4 31. a3+ Kxa3 32. Nxc4+ bxc4+ 33. Rxc4 Rb8 34. Rc7 a5 35. d6 a4 36. d7 Rd8 37. Rb7 Ka2 38. Kc4 h5 39. Kd5 hxg4 40. hxg4 g5 41. Kd6 Rh8 42. Kc7 Rh7 43. Kc8 Rh1 44. d8Q Rc1+ 45. Rc7 1-0

[Event "US Open-111"]
[Site "Irvine"]
[Date "2010.07.31"]
[Round "1"]
[White "Tanaka, Christian T"]
[Black "Finneran, Michael"]
[Result "0-1"]
[WhiteElo "2128"]
[BlackElo "2024"]
[PlyCount "70"]
[EventDate "2010.07.31"]
[EventType "swiss"]
[EventRounds "9"]
[EventCountry "USA"]
[SourceTitle "CBM 137 Extra"]
[Source "ChessBase"]
[SourceDate "2010.09.01"]
[SourceVersion "1"]
[SourceVersionDate "2010.09.01"]
[SourceQuality "1"]

1. c4 e5 2. g3 Nc6 3. Bg2 g6 4. e3 Bg7 5. Ne2 Nge7 6. Nbc3 d6 7. 0-0 0-0 8. Rb1 Be6 9. Nd5 Qd7 10. b4 a6 11. d3 f5 12. f4 Rab8 13. a4 b5 14. Ba3 e4 15. dxe4 bxc4 16. Nxe7+ Nxe7 17. Nd4 fxe4 18. Bxe4 Bg4 19. Bf3 Bxf3 20. Rxf3 Nc6 21. Nc2 Qe6 22. Rf2 Qe4 23. Qf3 Qxf3 24. Rxf3 Ne5 25. Rff1 Nd3 26. Ne1 Rfe8 27. Rf3 c5 28. Nxd3 cxd3 29. b5 Re4 30. Bc1 Rxa4 31. b6 c4 32. e4 Bd4+ 33. Be3 c3 34. Kf2 Ra2+ 35. Ke1 Re2+ 0-1

[Event "Southern California-ch cand"]
[Site "Garden Grove"]
[Date "2010.06.20"]
[Round "3"]
[White "Brown, Michael William"]
[Black "Tanaka, Christian T"]
[Result "0-1"]
[WhiteElo "2020"]
[BlackElo "2130"]
[PlyCount "44"]
[EventDate "2010.06.19"]
[EventType "swiss"]
[EventRounds "4"]
[EventCountry "USA"]
[SourceTitle "EXT 2014"]
[Source "ChessBase"]
[SourceDate "2013.11.20"]
[SourceVersion "1"]
[SourceVersionDate "2013.11.20"]
[SourceQuality "1"]

1. d4 Nf6 2. c4 e5 3. dxe5 Ng4 4. Nf3 Bc5 5. e3 Nc6 6. Be2 Ngxe5 7. Nxe5 Nxe5 8. 0-0 0-0 9. b3 a5 10. Bb2 Re8 11. Qc2 Ra6 12. Nd2 Rh6 13. Rfd1 d6 14. Nf1 Qh4 15. a3 Ng4 16. Bxg4 Bxg4 17. Re1 Rg6 18. Bc3 Qg5 19. Ng3 h5 20. Ra2 h4 21. Ne4 Qh5 22. Nxc5 Bf3 0-1

[Event "Southern California-ch cand"]
[Site "Garden Grove"]
[Date "2010.06.19"]
[Round "2"]
[White "Tanaka, Christian T"]
[Black "Krishnan, Varun"]
[Result "0-1"]
[WhiteElo "2130"]
[BlackElo "2069"]
[PlyCount "74"]
[EventDate "2010.06.19"]
[EventType "swiss"]
[EventRounds "4"]
[EventCountry "USA"]
[SourceTitle "EXT 2014"]
[Source "ChessBase"]
[SourceDate "2013.11.20"]
[SourceVersion "1"]
[SourceVersionDate "2013.11.20"]
[SourceQuality "1"]

1. d4 d5 2. c4 e6 3. Nf3 c6 4. e3 Nf6 5. Nc3 Nbd7 6. Qc2 Bd6 7. g4 h6 8. Rg1 Qc7 9. Bd2 Bxh2 10. Rg2 Bd6 11. 0-0-0 dxc4 12. g5 hxg5 13. Nxg5 Nf8 14. Bxc4 b5 15. Bb3 a5 16. a4 b4 17. Nce4 Bb7 18. Nxd6+ Qxd6 19. e4 Qxd4 20. Be3 Qe5 21. Bc5 N6d7 22. Bd6 Qf6 23. f4 0-0-0 24. Qf2 Ng6 25. Qa7 Nxf4 26. Qxa5 Nb6 27. e5 Nd3+ 28. Kc2 Qf5 29. Rxd3 Rxd6 30. exd6 Qxa5 31. Nxf7 Qc5+ 32. Kd2 Rh1 33. Bxe6+ Kb8 34. d7 Qc1+ 35. Ke2 Qe1+ 36. Kf3 Rf1+ 37. Kg4 Qxe6+ 0-1

[Event "American op 44th"]
[Site "Los Angeles"]
[Date "2008.11.30"]
[Round "7"]
[White "Bryant, John Daniel"]
[Black "Tanaka, Christian T"]
[Result "0-1"]
[WhiteElo "2224"]
[BlackElo "2152"]
[PlyCount "102"]
[EventDate "2008.11.27"]
[EventType "swiss"]
[EventRounds "8"]
[EventCountry "USA"]
[SourceTitle "EXT 2024"]
[Source "ChessBase"]
[SourceDate "2023.10.10"]
[SourceVersion "1"]
[SourceVersionDate "2023.10.10"]
[SourceQuality "1"]

1. e4 d5 2. exd5 Nf6 3. c4 c6 4. Nc3 cxd5 5. cxd5 Nxd5 6. d4 Nc6 7. Nf3 e6 8. Bd3 Be7 9. 0-0 0-0 10. a3 b6 11. Qc2 f5 12. Bc4 Bf6 13. Bxd5 exd5 14. Rd1 Be6 15. Re1 Qd7 16. Qd3 h6 17. Bf4 Rae8 18. Ne5 Bxe5 19. Bxe5 f4 20. Qf3 Rf5 21. Re2 Bf7 22. Qh3 f3 23. Re3 Be6 24. Qh4 Rg5 25. Rxf3 Rg4 26. Qh5 Rg5 27. Qh4 Nxe5 28. dxe5 d4 29. Rd3 Rg4 30. Qh3 Qc7 31. Qh5 Qc6 32. Nd5 Rg5 33. Nf6+ gxf6 34. Rg3 Bf7 35. Qxh6 Rxg3 36. hxg3 Rxe5 37. Qf4 Qd6 38. Rc1 d3 39. Rc8+ Kg7 40. Qg4+ Rg5 41. Qd1 d2 42. Rc2 Rd5 43. b4 Rd3 44. Kh2 Bh5 45. f3 Bf7 46. f4 Bh5 47. Qxh5 d1Q 48. Re2 Qxe2 49. Qxe2 f5 50. Qc2 Rd1 51. Qxf5 Qh6+ 0-1

[Event "Southern California-ch"]
[Site "Los Angeles"]
[Date "2008.08.23"]
[Round "6"]
[White "Sevillano, Enrico"]
[Black "Tanaka, Christian T"]
[Result "0-1"]
[WhiteElo "2505"]
[BlackElo "2098"]
[PlyCount "96"]
[EventDate "2008.08.16"]
[EventType "tourn"]
[EventRounds "7"]
[EventCountry "USA"]
[EventCategory "3"]
[SourceTitle "CBM 126 Extra"]
[Source "ChessBase"]
[SourceDate "2008.11.05"]
[SourceVersion "1"]
[SourceVersionDate "2008.11.05"]
[SourceQuality "1"]

1. e4 d5 2. exd5 Nf6 3. d4 Bg4 4. Nf3 Qxd5 5. Be2 Nc6 6. c4 Qh5 7. d5 0-0-0 8. Ng5 Ne5 9. f3 Bf5 10. Qd4 Ned7 11. h4 e5 12. Qc3 Qg6 13. h5 Nxh5 14. g4 Nf4 15. Bxf4 exf4 16. Nxf7 Qxf7 17. gxf5 Qxf5 18. Nd2 Re8 19. Ne4 Nc5 20. 0-0-0 Nxe4 21. fxe4 Qe5 22. Bg4+ Kb8 23. Qxe5 Rxe5 24. Bf5 Bc5 25. Bxh7 Rg5 26. Bf5 Rf8 27. Kc2 f3 28. Rhf1 g6 29. Be6 a5 30. Rd3 f2 31. Kd2 Rg1 32. Ke2 g5 33. e5 g4 34. d6 cxd6 35. exd6 g3 36. d7 Kc7 37. Rd5 b6 38. Bh3 g2 39. Bxg2 Rxg2 40. b3 Kd8 41. Rd3 Rg1 42. Rdd1 Rxf1 43. Rxf1 Rg8 44. a3 Rg1 45. b4 axb4 46. axb4 Bd4 47. c5 bxc5 48. bxc5 Bxc5 0-1

[Event "Southern California-ch"]
[Site "Los Angeles"]
[Date "2008.08.16"]
[Round "2"]
[White "Lakdawala, Cyrus"]
[Black "Tanaka, Christian T"]
[Result "1-0"]
[WhiteElo "2424"]
[BlackElo "2098"]
[PlyCount "93"]
[EventDate "2008.08.16"]
[EventType "tourn"]
[EventRounds "7"]
[EventCountry "USA"]
[EventCategory "3"]
[SourceTitle "CBM 126 Extra"]
[Source "ChessBase"]
[SourceDate "2008.11.05"]
[SourceVersion "1"]
[SourceVersionDate "2008.11.05"]
[SourceQuality "1"]

1. Nf3 Nf6 2. c4 g6 3. Nc3 Bg7 4. d4 0-0 5. Bf4 d6 6. e3 Nbd7 7. Be2 Nh5 8. Bg5 h6 9. Bh4 g5 10. Nd2 gxh4 11. Bxh5 e5 12. d5 f5 13. e4 f4 14. Bg4 Nf6 15. Bxc8 Qxc8 16. h3 Qe8 17. Nf3 Qg6 18. Rg1 Qh5 19. Qe2 a6 20. 0-0-0 Rf7 21. Kb1 Kh8 22. Rd2 Rg8 23. Ne1 Qg6 24. Nf3 Qh5 25. Ne1 Qg6 26. f3 Qg3 27. Nd3 Bf8 28. Rc1 Rfg7 29. Rcc2 Be7 30. a3 Nh5 31. Ka2 Qh2 32. Qf1 Ng3 33. Qd1 Kh7 34. c5 dxc5 35. Nxe5 h5 36. Na4 Bf6 37. Nd3 Bd4 38. Ndxc5 Be3 39. Ne6 Bxd2 40. Nxg7 Be3 41. Ne6 Nh1 42. Qf1 b5 43. Nac5 Kh6 44. Nxa6 Nf2 45. Rxf2 Bxf2 46. Qxf2 Rxg2 47. Qd4 1-0

[Event "Pan American-ch U16 24th"]
[Site "Villa Carlos Paz"]
[Date "2008.07.03"]
[Round "5"]
[White "Arcos Facio, Mateo"]
[Black "Tanaka, Christian T"]
[Result "1-0"]
[WhiteElo "2067"]
[BlackElo "2098"]
[PlyCount "65"]
[EventDate "2008.06.30"]
[EventType "swiss"]
[EventRounds "9"]
[EventCountry "ARG"]
[SourceTitle "EXT 2022"]
[Source "ChessBase"]
[SourceDate "2021.10.06"]
[SourceVersion "1"]
[SourceVersionDate "2021.10.06"]
[SourceQuality "1"]

1. e4 d5 2. exd5 Nf6 3. Bb5+ Nbd7 4. d4 a6 5. Be2 b5 6. Bf3 Rb8 7. Ne2 Nb6 8. Nf4 Nbxd5 9. Nd3 e6 10. 0-0 Be7 11. Nd2 0-0 12. Nb3 h6 13. Bd2 Bd6 14. a4 bxa4 15. Rxa4 Bd7 16. Ra1 Bb5 17. Be3 Nxe3 18. fxe3 Nd5 19. Qd2 Qg5 20. Rfe1 f5 21. Nbc5 Rbe8 22. Nxe6 Rxe6 23. Bxd5 Rfe8 24. c4 Bd7 25. c5 Bf8 26. Rxa6 Kh7 27. Bxe6 Bxe6 28. Ra7 c6 29. Nf4 Bg8 30. b4 Kh8 31. Rea1 Re4 32. Ra8 Qf6 33. Rxf8 1-0

[Event "South Calfornia-ch Cand"]
[Site "Garden Grove"]
[Date "2008.06.22"]
[Round "4"]
[White "Bryant, John Daniel"]
[Black "Tanaka, Christian T"]
[Result "0-1"]
[WhiteElo "2226"]
[BlackElo "2134"]
[PlyCount "56"]
[EventDate "2008.06.21"]
[EventType "swiss"]
[EventRounds "4"]
[EventCountry "USA"]
[SourceTitle "EXT 2014"]
[Source "ChessBase"]
[SourceDate "2013.11.20"]
[SourceVersion "1"]
[SourceVersionDate "2013.11.20"]
[SourceQuality "1"]

1. e4 d5 2. exd5 Nf6 3. c4 c6 4. dxc6 Nxc6 5. Be2 e5 6. d3 Bc5 7. Nf3 e4 8. dxe4 Qb6 9. 0-0 Nxe4 10. Qe1 Nb4 11. Nc3 Nxf2 12. Rxf2 Nc2 13. Qf1 Nxa1 14. Nd5 Bxf2+ 15. Kh1 Qd8 16. Qxf2 0-0 17. Bd3 Be6 18. Bxh7+ Kxh7 19. Ng5+ Kg8 20. Qh4 Bf5 21. g4 Bg6 22. Bd2 Nc2 23. Bc3 Re8 24. Kg2 Ne3+ 25. Nxe3 Rxe3 26. Qf2 Rxc3 27. bxc3 Qxg5 28. Qf3 Re8 0-1

[Event "World ol U16 06th"]
[Site "Singapore"]
[Date "2007.08.12"]
[Round "10"]
[White "Tanaka, Christian T"]
[Black "Lee Yi Sen, Ian"]
[Result "1-0"]
[WhiteElo "2114"]
[BlackElo "1896"]
[PlyCount "69"]
[EventDate "2007.08.05"]
[EventType "team-swiss"]
[EventRounds "10"]
[EventCountry "SIN"]
[SourceTitle "EXT 2008"]
[Source "ChessBase"]
[SourceDate "2007.11.25"]
[SourceVersion "1"]
[SourceVersionDate "2007.11.25"]
[SourceQuality "1"]

1. d4 Nf6 2. c4 g6 3. Nc3 Bg7 4. e4 d6 5. f3 0-0 6. Be3 e5 7. Nge2 exd4 8. Nxd4 Bd7 9. Be2 Nc6 10. Nxc6 Bxc6 11. Qd2 a6 12. 0-0 Nd7 13. Rac1 f5 14. exf5 Rxf5 15. b4 b6 16. b5 axb5 17. Nxb5 Nc5 18. Nd4 Bxd4 19. Bxd4 Qh4 20. g3 Qe7 21. Rce1 Qf7 22. Ba1 Ne6 23. Qb2 Qg7 24. Bd3 Re5 25. Qf2 Rxe1 26. Rxe1 Qd7 27. f4 Rf8 28. h3 Ng5 29. Qb2 Nf3+ 30. Kf2 Nxe1 31. Qh8+ Kf7 32. Qxh7+ Ke8 33. Bxg6+ Kd8 34. Bf6+ Rxf6 35. Qh8+ 1-0

[Event "World ol U16 06th"]
[Site "Singapore"]
[Date "2007.08.08"]
[Round "6"]
[White "Chan, Wei Xuan Timothy"]
[Black "Tanaka, Christian T"]
[Result "1/2-1/2"]
[WhiteElo "2245"]
[BlackElo "2114"]
[PlyCount "76"]
[EventDate "2007.08.05"]
[EventType "team-swiss"]
[EventRounds "10"]
[EventCountry "SIN"]
[SourceTitle "EXT 2008"]
[Source "ChessBase"]
[SourceDate "2007.11.25"]
[SourceVersion "1"]
[SourceVersionDate "2007.11.25"]
[SourceQuality "1"]

1. e4 d5 2. exd5 Nf6 3. d4 Bg4 4. Be2 Bxe2 5. Qxe2 Qxd5 6. Nf3 Nc6 7. c4 Qf5 8. 0-0 0-0-0 9. Be3 e6 10. Nc3 Rg8 11. Rfd1 g5 12. c5 g4 13. Ne1 Rg6 14. b4 Qh5 15. b5 Ne7 16. Nd3 Nfd5 17. Nxd5 Nxd5 18. Nf4 Nxf4 19. Bxf4 Rd5 20. Qc4 Bh6 21. Bg3 f5 22. b6 axb6 23. cxb6 c6 24. Qa4 f4 25. Qa8+ Kd7 26. Qxb7+ Ke8 27. Qxc6+ Ke7 28. b7 fxg3 29. hxg3 Bf4 30. gxf4 Rh6 31. Kf1 Qh1+ 32. Ke2 Qxg2 33. Qc7+ Kf6 34. Qe5+ Rxe5+ 35. fxe5+ Kg5 36. b8Q Qe4+ 37. Kd2 Qxd4+ 38. Kc2 Qc4+ 1/2-1/2

[Event "World op 35th"]
[Site "Philadelphia"]
[Date "2007.07.03"]
[Round "6"]
[White "Ippolito, Dean"]
[Black "Tanaka, Christian T"]
[Result "1-0"]
[WhiteElo "2396"]
[BlackElo "2116"]
[PlyCount "73"]
[EventDate "2007.06.30"]
[EventType "swiss"]
[EventRounds "9"]
[EventCountry "USA"]
[SourceTitle "CBM 119 Extra"]
[Source "ChessBase"]
[SourceDate "2007.09.04"]
[SourceVersion "1"]
[SourceVersionDate "2007.09.04"]
[SourceQuality "1"]

1. d4 Nf6 2. c4 g6 3. Nf3 Bg7 4. g3 0-0 5. Bg2 d6 6. 0-0 c5 7. Nc3 cxd4 8. Nxd4 a6 9. b3 Qc7 10. Bb2 Nc6 11. Rc1 Bd7 12. Nd5 Qd8 13. Nxf6+ Bxf6 14. Nxc6 Bxc6 15. Bxf6 exf6 16. Qd4 Qe7 17. Rc2 Rfd8 18. Rd1 Rd7 19. Rcd2 Bxg2 20. Kxg2 Rad8 21. Kg1 Qe5 22. c5 d5 23. e4 Kf8 24. exd5 Qxd4 25. Rxd4 f5 26. d6 Kg7 27. b4 Kf6 28. a4 Rc8 29. Rc4 Ke6 30. Rc2 h6 31. Kf1 g5 32. Re2+ Kf6 33. a5 Kg6 34. Re7 Rcd8 35. Rxd7 Rxd7 36. b5 axb5 37. a6 1-0

[Event "World op 35th"]
[Site "Philadelphia"]
[Date "2007.07.02"]
[Round "5"]
[White "Izoria, Zviad"]
[Black "Tanaka, Christian T"]
[Result "1-0"]
[WhiteElo "2641"]
[BlackElo "2116"]
[PlyCount "53"]
[EventDate "2007.06.30"]
[EventType "swiss"]
[EventRounds "9"]
[EventCountry "USA"]
[SourceTitle "CBM 119 Extra"]
[Source "ChessBase"]
[SourceDate "2007.09.04"]
[SourceVersion "1"]
[SourceVersionDate "2007.09.04"]
[SourceQuality "1"]

1. Nf3 Nf6 2. c4 g6 3. g3 Bg7 4. Bg2 0-0 5. 0-0 d6 6. d4 c5 7. Nc3 Na6 8. b3 Nc7 9. Bb2 Rb8 10. Rc1 Nd7 11. Qd2 a6 12. dxc5 Nxc5 13. b4 N5e6 14. Nd5 Bxb2 15. Qxb2 b5 16. Nxc7 Nxc7 17. c5 d5 18. Rfd1 e6 19. e4 Qe8 20. Qe5 Rb7 21. c6 Ra7 22. Qd4 Ra8 23. Qb6 Qe7 24. Ne5 Qd6 25. Nd7 Rd8 26. e5 Qxb4 27. Nf6+ 1-0

[Event "World op 35th"]
[Site "Philadelphia"]
[Date "2007.07.01"]
[Round "4"]
[White "Tanaka, Christian T"]
[Black "Gagunashvili, Merab"]
[Result "1-0"]
[WhiteElo "2116"]
[BlackElo "2625"]
[PlyCount "53"]
[EventDate "2007.06.30"]
[EventType "swiss"]
[EventRounds "9"]
[EventCountry "USA"]
[SourceTitle "CBM 119 Extra"]
[Source "ChessBase"]
[SourceDate "2007.09.04"]
[SourceVersion "1"]
[SourceVersionDate "2007.09.04"]
[SourceQuality "1"]

1. d4 d6 2. e4 Nf6 3. Nc3 Nbd7 4. f3 e5 5. d5 Nh5 6. Nge2 Be7 7. Be3 0-0 8. Qd2 h6 9. 0-0-0 Bg5 10. g4 Bxe3 11. Qxe3 Nhf6 12. h4 Nh7 13. Ng3 Re8 14. Nf5 Ndf8 15. Bb5 Bd7 16. Bxd7 Qxd7 17. Ne2 Ng6 18. Neg3 Nf4 19. Nh5 Nxh5 20. gxh5 Kh8 21. Rhg1 Rg8 22. Rg2 f6 23. Rdg1 Qf7 24. Rxg7 Rxg7 25. Rxg7 Qxg7 26. Nxg7 Kxg7 27. Qb3 1-0